01018nmc a2200349 a 4500003000900000005001700009008004100026040001300067245003300080250001200113260003300125300001100158490002400169650002500193650002200218650001700240650002300257650002000280650003200300650002300332655001500355700002200370700001900392700002700411700003000438700002600468800003300494942000700527998001100534999001500545952010800560AR-BaBNM20251128204544.0047019s1977 ||||||||||||||000 | spa|| cAR-BaBNM10aEl salón literario de 1837 a2ª ed. aBuenos AiresbHachettec19770 a203 p. 0aEl pasado argentino 4aLITERATURA ARGENTINA 4aROSAS Y SU TIEMPO 4aROMANTICISMO 4aGENERACION DE 1837 4aSALON LITERARIO 4aHISTORIA POLITICA ARGENTINA 4aASOCIACION DE MAYO aLITERATURA1 aWeinberg, Félix1 aSastre, Marcos1 aAlberdi, Juan Bautista1 aGutiérrez, Juan María1 aEcheverría, Esteban1 aWeinberg, Gregorioedirector cBK cMARTIN c7909d7909 00102ddc405171aLPLbLPLd2025-11-28l0o860[82]-4 WEIp095409r2025-11-28 20:45:44w2025-11-28yBK